000 00174nam a2200073Ia 4500
008 170620s9999 xx 000 0 und d
100 _aBhatt
245 0 _aMODERN METHODS OF TEACHING CHEMISTRY
260 _bAPH
999 _c26207
_d26207